000 00588nam a2200229Ia 4500
003 OSt
005 20220924142435.0
006 a|||||r|||| 00| 0
007 ta
008 220923b |||||||| |||| 00| 0 ben d
024 _a301924
037 _cTextual
040 _aARTS
_cARTS
_bben
041 _2ben
_aben
082 _aY1:3217.2'N5, 157M0
100 _aSarkar Dinendrakumar
_9213394
245 0 _aBibaher lokachar
260 _c1980
650 _aSOCIOLOGY
942 _hY1:3217.2'N5, 157M0
_cTEXL
_2CC
999 _c450734
_d450734